| 000 | 00965nam a2200277 a 4500 | ||
|---|---|---|---|
| 005 | 20170908110955.0 | ||
| 008 | 170908b2006 ck ||||| |||| 00| 0 spa d | ||
| 020 | _a9588067170 | ||
| 040 |
_aCO-BoIAVH _cCO-BoIAVH |
||
| 041 | _aspa | ||
| 044 | _ack | ||
| 082 |
_a333.92 _bI19a |
||
| 110 | _aInstituto de Hidrología, Meteorología y Estudios Ambientales IDEAM | ||
| 245 | 1 | _aAtlas de viento y energía eólica de Colombia | |
| 260 |
_aBogotá _bMinisterio de Minas y Energía _bUPME _bIDEAM _c2006 |
||
| 300 |
_a169 páginas _bmapas, tablas |
||
| 650 | 1 | 4 | _aPresión atmosferica |
| 650 | 1 | 4 | _aOrígenes del viento |
| 650 | 1 | 4 | _aVelocidad del viento en superficie |
| 650 | 1 | 4 |
_aViento _vClasificación _xDefinición |
| 650 | 1 | 4 |
_aViento _vModelamiento |
| 650 | 1 | 4 |
_aMedición _vProcesamiento de información |
| 650 | 1 | 4 |
_aViento _vModelos estadísticos |
| 942 |
_cLIBRO _2ddc |
||
| 945 | _d2007-05-16 | ||
| 999 |
_c5517 _d5517 |
||